00251nam a2200097Ia 4500008004100000082001800041100001800059245003700077260001900114600002000133241002s9999 xx 000 0 und d a38.145491 HAI aHaider, Iqbal 0aMarketing Conditions in Pakistan aKarachi:c1968 aSocial Sciences